| 000 | 01358cam a2200397 i 4500 | ||
|---|---|---|---|
| 999 |
_c200451942 _d70154 |
||
| 001 | 200451942 | ||
| 003 | TR-AnTOB | ||
| 005 | 20230614001320.0 | ||
| 007 | ta | ||
| 008 | 991025s1998 tu 00000 tur d | ||
| 020 | _a9755122524 | ||
| 035 | _a(TR-AnTOB)200451942 | ||
| 040 |
_aSULEY _beng _erda _cSULEY _dTR-AnTOB |
||
| 041 | 0 | _atur | |
| 050 | 1 | 4 |
_aHC402.5 _b.B67 1998 |
| 090 |
_aHC402.5 _b.B67 1998 |
||
| 245 | 0 | 0 |
_aBosna Hersek ve ülke etüdü / _chazırlayanlar Tülay Sabutay, Cem Akgün. |
| 250 | _a1. baskı : Mayıs 1998 | ||
| 264 | 1 |
_aİstanbul : _bİstanbul Ticaret Odası, _c1998. |
|
| 300 |
_a205 pages : _btables ; _c24 cm |
||
| 336 |
_atext _btxt _2rdacontent |
||
| 337 |
_aunmediated _bn _2rdamedia |
||
| 338 |
_avolume _bnc _2rdacarrier |
||
| 490 | 0 |
_aİstanbul Ticaret Odası ; _vYayın No: 1998-24 |
|
| 504 | _aBIB | ||
| 651 | 7 |
_aBosna ve Hersek _xEkonomik durum _2etuturkob _936731 |
|
| 651 | 7 |
_aBosna-Hersek _xEkonomi politikası _2etuturkob _9140696 |
|
| 651 | 7 |
_aBosna-Hersek _xDış ekonomik ilişkiler _zTürkiye _2etuturkob _9140697 |
|
| 651 | 0 |
_aTürkiye _xDış ekonomik ilişkiler _zBosna-Hersek _918923 |
|
| 700 | 1 |
_aSobutay, Tülay _eeditor _9128022 |
|
| 700 | 1 |
_aAkgün, Cem _eeditor _997416 |
|
| 710 | 2 |
_aİstanbul Ticaret Odası _919571 |
|
| 942 |
_2lcc _cBK |
||